| 000 | 00961nam a2200241 i 4500 | ||
|---|---|---|---|
| 001 | 181428 | ||
| 003 | ES-MaACL | ||
| 005 | 20250524063101.0 | ||
| 008 | 130116s2001 sp | |||| ||spa d | ||
| 020 | _a84-95673-66-5 | ||
| 080 | _a624.21(460) | ||
| 100 | 1 |
_aNavarro Vera, José Ramón, _d1944- _9152065 |
|
| 245 | 1 | 3 |
_aEl puente moderno en España _b: 1850-1950 / _cJosé Ramón Navarro Vera. |
| 260 |
_aMadrid : _bFundación Juanelo Turriano, _c[2001] |
||
| 300 |
_a2 v. : _bil. ; _c26 cm. |
||
| 505 | 8 | _aT. 1-2. La cultura técnica y estética de los ingenieros | |
| 650 | 4 |
_aPuentes- _zEspaña. _9152066 |
|
| 852 |
_aES-MaACL _jA-12523 _9188328 _bR.148497 _cDEPO1 _dOlim: N-5527 _xDonación: Fundación Juanelo Turriano |
||
| 852 |
_aES-MaACL _jA-12524 _9200645 _bR.148497 _cDEPO1 _dOlim: N-5528 _xDonación: Fundación Juanelo Turriano |
||
| 914 |
_94352 _aFundación Juanelo Turriano _ednr |
||
| 942 |
_2udc _cMONOGRAFIA |
||
| 999 |
_c181428 _d181428 |
||